000 00842nam a22002897a 4500
001 0074
003 DO-SdBNP
005 20180125121403.0
007 0074
008 151105b sp 1993 xxu||||| |||| 00| 0 spa d
020 _a9788420756967
040 _aBPMSU
_bspa
_cBPMSU
092 _axxxxxx
_bxxxxxx
100 1 0 _aPérez Galdós, Benito,
_d1843-1920
245 _aLa guerra de la independencia /
_cBenito Pérez Galdós
260 _aMadrid, España :
_bAnaya,
_c1993.
300 _a347 p. :
_bil.,
_c20 cm.
490 1 0 _aTus libros
490 1 0 _aAventuras
_v113
504 _aIncluye referencias bibliográficas y notas al pie de las páginas
504 _aBibliografías : p. 245-247
830 0 0 _aTus libros
830 0 0 _aAventuras
_n113
942 _2ddc
_cBK
945 _ainventariado, 2018 / dg
956 _aBrenda Tavárez
999 _c8574
_d8574